| 000 | 00649nam a2200217Ia 4500 | ||
|---|---|---|---|
| 005 | 20250508150335.0 | ||
| 008 | 008 250505s9999 xx 000 0 eng d | ||
| 037 | _aTextual | ||
| 040 |
_aFEDL _beng _cFEDL |
||
| 041 |
_aeng _2eng |
||
| 084 |
_a155.4, BAI _qFEDL |
||
| 100 |
_aBailey Edna W. _9139732 |
||
| 245 | 0 | _aStudying children in school | |
| 260 |
_aNew York, USA _bMcGraw Hill Book Company _c1939 |
||
| 300 | _av,182p. | ||
| 490 | _aMcGraw-Hill Home Economics Series | ||
| 650 | _aChild Psychology | ||
| 700 |
_a Laton Anita D. Bishop Elizabeth L. _9756444 |
||
| 942 |
_cTEXL _h155.4, BAI |
||
| 999 |
_c1323088 _d1323088 |
||